000 01063cam a22001934a 4500
005 20250605163951.0
008 250528s ||||||||||||||||||||||||d
035 _a15390
020 _a201568926
040 _aGR-AtMCL
_bgre
_dGR-AtMCL
_eAACR2
245 1 _aUnderstanding Employee Relations / A Behavioural Approach
260 _bAmacom,
_c1993
300 _a352
520 _aThis comprehensive textbook gives an integrated and fresh treatment of employee relations at the organizational level. List of Figure and Tables, Introduction, An Introduction to Employee Relations, The Individual and Workgroups, Collective Organizations of Employees, Management in Employee Relations, The State in Employee Relations, Discipline and Grievance, Communications in Employee Relations, Involvement and Participation, Collective Bargaining, Negotiation, Industrial Action, Management Initiatives, Policy and Strategy in Employee Relations, References, Author and Subject Index.
700 1 _aRollinson Derek
_91299
942 _cBK
999 _c974
_d974